000 00505nam a2200181 a 4500
001 8167
003 CO-ViMGA
008 141112s2004 ck r 000 u spa d
040 _aCO-ViMGA
_bspa
_cCO-ViMGA
082 0 4 _a627.5 M18o
100 1 _aMateron Munoz, Hernan
_97917
245 1 0 _aObras Hidraulicas Rurales /
_cMateron Munoz Hernan
260 _aCali,
_cUnivalle,
_c1997
300 _a323 p.
650 1 4 _aconstrucciones rurales
_954714
650 1 4 _aestructuras hidraulicas
_97918
942 _2ddc
_cBK
999 _c19980
_d19980